Statystyki dla Wszytkie miejscowości w gminie Małomice (lubuskie)

Kliknij tutaj aby rozwiązać quiz!

Ogólne statystyki

  • Ten quiz został rozwiązany 6 razy
  • Średni wynik to 4 z 7

Statystyki odpowiedzi

HintOdpowiedź% Poprawnych
3 467Małomice
100%
477Bobrzany
50%
369Chichy
50%
215Lubiechów
50%
950Śliwnik
50%
142Żelisław
50%
271Janowiec
25%

Rozkład punktacji

Percentyl według liczby udzielonych odpowiedzi

Procent ludzi z każdym wynikiem

Twoja historia wyników

Nie rozwiązałeś tego quizu